Intergenerational Transfer of Human Capital under Post-War Distress: The Displaced and the Roma in the Former Yugoslavia IZA DP No. 5108

Saved in:
Bibliographic Details
Main Author: Kahanec, Martin, 1977-
Other Authors: Yuksel, Mutlu
Format: Book
Language:English
Published: Bonn IZA 2010
Edition:1st Edition
Subjects:
Tags: Add Tag
No Tags, Be the first to tag this record!

MARC

LEADER 00000nlm a2200000 4500
001 0307521
005 20250307085744.4
041 0 |a eng 
044 |a DE 
245 1 0 |a Intergenerational Transfer of Human Capital under Post-War Distress: The Displaced and the Roma in the Former Yugoslavia  |b IZA DP No. 5108  |c Martin Kahanec, Mutlu Yuksel 
250 |a 1st Edition 
264 1 |a Bonn  |b IZA  |c 2010 
300 |a 26 s. 
610 2 0 |a kapitál ľudský 
610 2 0 |a etnikum 
610 2 0 |a menšiny národnostné 
610 2 0 |a trh práce 
610 2 0 |a diskriminácia 
610 2 0 |a utečenci 
100 1 |a Kahanec, Martin, 1977- 
700 1 |a Yuksel, Mutlu